SPNV Linien in Berlin und Brandenburg - Sudden Death - Statistiken

Allgemein
  • Dieses Quiz wurde 51 mal gespielt
  • Das Durchschnittsergebnis liegt bei 7 aus 18
Answers on the Grid
Answers color-coded by a green-red scale on the quiz's grid according to % correct below.
RE 1
RE 2
RE 9
RE 10
RE 16
RE 18
RB 10
RB 12
RB 17
RB 24
RB 27
RB 29
RB 30
RB 33
RB 36
RB 43
RB 44
RB 49
RB 52
RB 54
RB 55
RB 60
RB 64
RB 65
RB 72
RB 73
RB 74
 
Antwortstatistiken
Antwort % Korrekt
RE 1
100%
RE 2
91%
RB 24
64%
RB 10
55%
RE 10
55%
RB 12
42%
RB 27
36%
RB 36
36%
RB 33
30%
RE 18
30%
RB 43
24%
RB 49
21%
RB 73
21%
RB 74
21%
RB 54
18%
RB 55
18%
RB 60
18%
RB 65
15%
Keine übereinstimmenden Quizze gefunden
Verteilung der Resultate
Anzahl Personen mit jedem Resultat
Perzentil nach korrekt beantworteten Fragen
Ihre Resultats-Entwicklung
Sie haben dieses Quiz noch nicht gespielt